Statistics for The only country... #1

Click here to take the quiz!

General Stats

  • This quiz has been taken 926 times
    (45 since last reset)
  • The average score is 4 of 10

Answer Stats

HintAnswer% Correct
With triangular flagNepal
89%
To have more than two aircraft carriersUnited States
89%
Entirely located in the AlpsLiechtenstein
86%
That is carbon negativeBhutan
34%
To have a lower population now than it did in the 19th centuryIreland
34%
To never have fought a warSan Marino
34%
Named after a treeBrazil
27%
Without a capital cityNauru
18%
Where it is legal to sell your kidneysIran
14%
With more than 200 administrative subdivisionsSlovenia
7%

Score Distribution

Percentile by Number Answered

Percent of People with Each Score

Your Score History

You have not taken this quiz since the last reset